000 00537nam a2200193Ia 4500
001 18882
003 GE_BSU
008 181216s||||||||xx |||||||||||||| ||und||
040 _cGE_BSU
245 _aФармация. №6.том65. 2016
245 _bнаучно -практический журнал
245 _cГл. ред.И.А.Самылина
260 _aМосква
260 _c2016
300 _a54стр,28см
520 _aВыходит 8 раз в год
653 _aФармация. №6.2016
942 _cCR
999 _c51883
_d51883